| 000 | 00851cam a22002291i 4500 | ||
|---|---|---|---|
| 003 | SA-RiAUC | ||
| 005 | 20250421080612.0 | ||
| 008 | 250321s1974 iq g 000 0 ara c | ||
| 040 |
_aBH-JuISA _bara _cSA-RiAUC. _erda |
||
| 082 | 0 | 4 |
_a745.6191 _qSA-RiAUC |
| 090 |
_a745.6191 _b ج ب و |
||
| 100 | 1 |
_aالجبوري، محمود شكر محمود _eمؤلف. |
|
| 245 | 1 | 0 |
_aنشأة الخط العربي وتطوره / _cمحمود شكر الجبوري. |
| 264 | 1 |
_aبغداد : _bمنشورات مكتبة الشرق الجديد، _c1974 |
|
| 300 |
_a75 صفحة ؛ _c22 سم |
||
| 336 |
_aنص _btxt _2rdacontent _3كتاب |
||
| 337 |
_aبدون وسيط _bn _2rdamedia |
||
| 338 |
_aمجلد _bnc _2rdacarrier |
||
| 650 | 7 |
_aالخط العربي _xتاريخ _2aucsh |
|
| 942 |
_2ddc _cBOOK _n0 |
||
| 949 |
_aSA-JeALM _d250321 _umohamedma123 _n1 |
||
| 999 |
_c7261 _d7261 |
||